[Event "NAYCC U18"]
[Site "Toronto CAN"]
[Date "2013.08.18"]
[Round "8"]
[White "Song, Michael"]
[Black "Kraiouchkine, Nikita"]
[Result "1/2-1/2"]
[WhiteElo "2368"]
[BlackElo "2311"]
[PlyCount "89"]
[EventDate "2013.08.14"]
[EventType "swiss"]
[EventRounds "9"]
[EventCountry "CAN"]

1. e4 e5 2. Nf3 Nc6 3. Bb5 Nf6 4. d3 d6 5. O-O a6 6. Ba4 Bg4 7. h3 Bh5 8. c3
Be7 9. Nbd2 b5 10. Bb3 Na5 11. Bc2 c5 12. Re1 Qc7 13. Nf1 Nc6 14. Ne3 O-O 15.
g4 Bg6 16. Nh4 Rad8 17. g5 Ne8 18. Qg4 Qd7 19. Qxd7 Rxd7 20. Nxg6 hxg6 21. Nd5
Nc7 22. Nxc7 Rxc7 23. Bb3 Nd8 24. Bd5 Ne6 25. h4 Rb8 26. Rf1 Kf8 27. f4 Nxf4
28. Bxf4 exf4 29. Rxf4 f6 30. Rg4 b4 31. gxf6 Bxf6 32. Rxg6 bxc3 33. bxc3 Ke7
34. Rf1 Rh8 35. Rf4 Rcc8 36. Kf1 Rcf8 37. Ke2 Bxc3 38. Rxf8 Rxf8 39. h5 Rh8 40.
Rg5 Bf6 41. Rf5 Rb8 42. Bb3 Rf8 43. Bc4 a5 44. Kd1 Bh4 45. Rxf8 1/2-1/2

[Event "Quebec op inv."]
[Site "Montreal CAN"]
[Date "2013.07.21"]
[Round "1.12"]
[White "Kraiouchkine, Nikita"]
[Black "Roussel-Roozmon, Thomas"]
[Result "0-1"]
[WhiteElo "2234"]
[BlackElo "2476"]
[PlyCount "72"]
[EventDate "2013.07.21"]
[EventType "swiss"]
[EventRounds "9"]
[EventCountry "CAN"]

1. e4 d6 2. d4 Nf6 3. Nc3 g6 4. f3 c6 5. Bg5 Nbd7 6. h4 b5 7. Qd2 h6 8. Be3 Nb6
9. b3 Bg7 10. Rd1 Qc7 11. Bd3 h5 12. Nge2 O-O 13. Kf2 e5 14. dxe5 dxe5 15. a4
a6 16. axb5 cxb5 17. Na2 Nbd7 18. c4 Nc5 19. Qc2 Nxd3+ 20. Rxd3 bxc4 21. bxc4
Be6 22. c5 Rfc8 23. Nb4 a5 24. Nd5 Nxd5 25. exd5 Bf5 26. Nc3 Bf8 27. c6 Bxd3
28. Qxd3 a4 29. Rb1 a3 30. Rb7 Qa5 31. Ne4 a2 32. Nf6+ Kg7 33. Nxh5+ gxh5 34.
Bh6+ Kg8 35. Rxf7 Qb6+ 36. Kg3 Qb1 0-1

[Event "Quebec op inv."]
[Site "Montreal CAN"]
[Date "2013.07.21"]
[Round "2.25"]
[White "Wan, Kevin"]
[Black "Kraiouchkine, Nikita"]
[Result "0-1"]
[WhiteElo "2006"]
[BlackElo "2234"]
[PlyCount "100"]
[EventDate "2013.07.21"]
[EventType "swiss"]
[EventRounds "9"]
[EventCountry "CAN"]

1. e4 e5 2. Nf3 Nc6 3. Bb5 f5 4. d3 fxe4 5. dxe4 Nf6 6. O-O Bc5 7. Nc3 d6 8.
Bg5 O-O 9. Bc4+ Kh8 10. Nd5 Bg4 11. Nxf6 gxf6 12. Bh6 Rg8 13. Bxg8 Qxg8 14. Qd3
Qg6 15. Bd2 Rg8 16. Rae1 Nd4 17. Nxd4 Be2 18. Qg3 Bxf1 19. Qxg6 Rxg6 20. Kxf1
Bxd4 21. c3 Bb6 22. g3 Kg8 23. f4 Kf7 24. f5 Rg8 25. c4 h5 26. Bc3 Bd4 27. Kg2
Bxc3 28. bxc3 Ke7 29. Kf3 Kd7 30. Ke3 Kc6 31. Kd3 h4 32. Rg1 hxg3 33. Rxg3 Rh8
34. h3 Rh4 35. Rf3 a5 36. Rg3 a4 37. a3 Kc5 38. Rf3 c6 39. Rg3 d5 40. cxd5 cxd5
41. exd5 Kxd5 42. Rg6 e4+ 43. Kd2 Ke5 44. Rg7 Rxh3 45. Rxb7 Rd3+ 46. Kc2 Kxf5
47. Rb5+ Kf4 48. c4 Rd8 49. c5 e3 50. Rb1 e2 0-1

[Event "Quebec op inv."]
[Site "Montreal CAN"]
[Date "2013.07.22"]
[Round "3.17"]
[White "Kraiouchkine, Nikita"]
[Black "Shetty, Atulya"]
[Result "0-1"]
[WhiteElo "2234"]
[BlackElo "2314"]
[PlyCount "50"]
[EventDate "2013.07.21"]
[EventType "swiss"]
[EventRounds "9"]
[EventCountry "CAN"]

1. d4 d5 2. Nf3 Nf6 3. e3 c6 4. Bd3 g6 5. Nbd2 Bg7 6. b3 c5 7. Bb2 cxd4 8. exd4
O-O 9. Ne5 Nh5 10. Qf3 Nc6 11. g4 Nf6 12. Rg1 Nd7 13. Qg3 Ndxe5 14. dxe5 f6 15.
f4 fxe5 16. fxe5 Qc7 17. Nf3 Qb6 18. Kd2 Bxg4 19. Qxg4 Qf2+ 20. Be2 Rxf3 21.
Qe6+ Kh8 22. Raf1 Bh6+ 23. Kd1 Qe3 24. Qxd5 Rd8 25. e6+ Kg8 0-1

[Event "Quebec op inv."]
[Site "Montreal CAN"]
[Date "2013.07.23"]
[Round "4.21"]
[White "Zhou, Qiyu"]
[Black "Kraiouchkine, Nikita"]
[Result "0-1"]
[WhiteElo "1902"]
[BlackElo "2234"]
[PlyCount "106"]
[EventDate "2013.07.21"]
[EventType "swiss"]
[EventRounds "9"]
[EventCountry "CAN"]

1. e4 c5 2. Nf3 e6 3. d4 cxd4 4. Nxd4 Nc6 5. Be3 Nf6 6. Nc3 Bb4 7. Nxc6 bxc6 8.
Qd4 Qa5 9. Bd3 d5 10. exd5 cxd5 11. O-O Bd7 12. a3 Be7 13. Rfe1 O-O 14. Qh4
Rfe8 15. Bg5 Qc5 16. Bxf6 Bxf6 17. Qxh7+ Kf8 18. Qh8+ Ke7 19. Qh5 Bc6 20. Ne4
Qd4 21. Nxf6 gxf6 22. Rad1 Qxb2 23. c4 Rh8 24. Qf3 Rad8 25. cxd5 Bxd5 26. Qe3
Qb8 27. h3 Rhg8 28. Bf1 Qb6 29. Qxb6 axb6 30. Rb1 Rd6 31. Rb4 Kd7 32. Reb1 Kc7
33. h4 f5 34. Kh2 Be4 35. Rc1+ Kb7 36. Rbc4 Rd7 37. g3 Ra8 38. R4c3 Ra5 39. a4
f4 40. g4 Ra8 41. Bb5 Re7 42. Rc4 Bd5 43. Rxf4 Rd8 44. Rd4 Rh8 45. Kg3 f6 46.
f3 Reh7 47. h5 Rg7 48. Kh4 Bxf3 49. Rf4 f5 50. Re1 Bxg4 51. Rxe6 Bxh5 52. Bc6+
Kc7 53. Kh3 Bf7+ 0-1

[Event "Quebec op inv."]
[Site "Montreal CAN"]
[Date "2013.07.24"]
[Round "5.13"]
[White "Kraiouchkine, Nikita"]
[Black "Porper, Edward"]
[Result "1/2-1/2"]
[WhiteElo "2234"]
[BlackElo "2453"]
[PlyCount "70"]
[EventDate "2013.07.21"]
[EventType "swiss"]
[EventRounds "9"]
[EventCountry "CAN"]

1. e4 e6 2. d4 d5 3. e5 c5 4. c3 Nc6 5. Nf3 Bd7 6. a3 f6 7. b4 c4 8. h4 b5 9.
Bf4 a5 10. Nbd2 axb4 11. axb4 Nxb4 12. cxb4 Bxb4 13. Qc1 Ne7 14. Be2 Nc6 15.
O-O O-O 16. Rd1 Be8 17. exf6 gxf6 18. g4 Bg6 19. h5 Rxa1 20. Qxa1 Bc2 21. Rc1
Ba4 22. Kh1 e5 23. Be3 Qe8 24. dxe5 fxe5 25. Nxc4 dxc4 26. Bxc4+ bxc4 27. Qxa4
Qe6 28. Ng5 Qd5+ 29. Kh2 e4 30. Qc2 Ne5 31. Qxe4 Qxe4 32. Nxe4 Nxg4+ 33. Kg3
Nxe3 34. fxe3 Rc8 35. Kf4 c3 1/2-1/2

[Event "Quebec op inv."]
[Site "Montreal CAN"]
[Date "2013.07.25"]
[Round "6.14"]
[White "Thavandiran, Shiyam"]
[Black "Kraiouchkine, Nikita"]
[Result "1/2-1/2"]
[WhiteElo "2338"]
[BlackElo "2234"]
[PlyCount "118"]
[EventDate "2013.07.21"]
[EventType "swiss"]
[EventRounds "9"]
[EventCountry "CAN"]

1. e4 e5 2. Bc4 Nf6 3. d3 Nc6 4. Nc3 Bb4 5. Nge2 d5 6. exd5 Nxd5 7. O-O Nxc3 8.
bxc3 Bd6 9. f4 O-O 10. f5 Na5 11. Bb3 Nxb3 12. axb3 e4 13. dxe4 Re8 14. Qd3 Qe7
15. Ng3 Qh4 16. Ra4 Bd7 17. Rd4 Bc5 18. Rf4 Qg5 19. Qd1 Qe7 20. f6 Qd6 21. fxg7
Re5 22. Be3 Bxd4 23. cxd4 Rg5 24. Qf3 Qg6 25. Rf6 Rxg3 26. hxg3 Qg4 27. Bh6
Qxf3 28. gxf3 a5 29. Kf2 b5 30. Rf4 a4 31. Rh4 axb3 32. cxb3 Ra2+ 33. Ke3 Ra3
34. Rh1 Rxb3+ 35. Kf4 Ra3 36. Rc1 Ra7 37. Ke3 b4 38. d5 b3 39. Bf4 f6 40. Kd2
b2 41. Rb1 Rb7 42. Bh6 Ba4 43. f4 Rb3 44. e5 fxe5 45. fxe5 Bb5 46. Kc2 Rxg3 47.
Rxb2 Rg2+ 48. Bd2 Bc4 49. d6 cxd6 50. exd6 Be6 51. Kc3 Rxg7 52. Bh6 Rg3+ 53.
Kd4 Kf7 54. Rb7+ Kf6 55. Rxh7 Rh3 56. Kc5 Bf5 57. Rh8 Kg6 58. Rg8+ Kxh6 59.
Rh8+ Kg7 1/2-1/2

[Event "Quebec op inv."]
[Site "Montreal CAN"]
[Date "2013.07.26"]
[Round "7.17"]
[White "Kraiouchkine, Nikita"]
[Black "Kiewra, Keaton"]
[Result "0-1"]
[WhiteElo "2234"]
[BlackElo "2422"]
[PlyCount "90"]
[EventDate "2013.07.21"]
[EventType "swiss"]
[EventRounds "9"]
[EventCountry "CAN"]

1. d4 Nf6 2. c4 g6 3. Nc3 Bg7 4. e4 O-O 5. Nf3 c6 6. Bg5 d5 7. Bxf6 exf6 8.
exd5 cxd5 9. Nxd5 Nc6 10. Be2 f5 11. O-O Be6 12. Qb3 Na5 13. Qb5 Re8 14. Nc3
Rc8 15. c5 b6 16. cxb6 axb6 17. Rfd1 Nc4 18. Rac1 Nd6 19. Qb4 Bh6 20. Ra1 Bf8
21. Qa4 Ne4 22. d5 Bd7 23. Bb5 Nxc3 24. bxc3 Re4 25. Qb3 Bxb5 26. Qxb5 Rxc3 27.
Rab1 Bc5 28. d6 Rc2 29. d7 Ree2 30. Kh1 Kg7 31. Nd4 Bxd4 32. Rxd4 Rcd2 33. Qd5
Rxa2 34. h3 Rxf2 35. Qe5+ Kh6 36. Qe8 Qg5 37. Qf8+ Kh5 38. g4+ fxg4 39. hxg4+
Kh4 40. d8=Q f6 41. Qfd6 Qh6 42. Qe5 g5 43. Qed6 Qg6 44. Re1 Qc2 45. Qa8 Rh2+
0-1

[Event "Quebec op inv."]
[Site "Montreal CAN"]
[Date "2013.07.28"]
[Round "9.20"]
[White "Cao, Jason"]
[Black "Kraiouchkine, Nikita"]
[Result "1-0"]
[WhiteElo "2060"]
[BlackElo "2234"]
[PlyCount "59"]
[EventDate "2013.07.21"]
[EventType "swiss"]
[EventRounds "9"]
[EventCountry "CAN"]

1. e4 c6 2. d4 g6 3. c4 d6 4. Be3 Bg7 5. Nc3 e5 6. Nge2 f5 7. exf5 Bxf5 8. g3
Nd7 9. Bg2 Ngf6 10. h3 h5 11. Qd2 Qe7 12. d5 c5 13. Bg5 e4 14. O-O Ne5 15. b3
O-O 16. Nf4 Nf3+ 17. Bxf3 exf3 18. Rfe1 Qd7 19. Ne6 Bxh3 20. Nxg7 Kxg7 21. Bh6+
Kf7 22. Bxf8 Rxf8 23. Ne4 Nxe4 24. Rxe4 Bf5 25. Rf4 Re8 26. Rxf3 Re4 27. Re1
Rd4 28. Qh6 Qd8 29. Rxf5+ gxf5 30. Qh7+ 1-0

[Event "CYCC U18"]
[Site "Ottawa CAN"]
[Date "2013.07.10"]
[Round "1"]
[White "Itkin, David"]
[Black "Kraiouchkine, Nikita"]
[Result "1/2-1/2"]
[WhiteElo "2151"]
[BlackElo "2334"]
[PlyCount "53"]
[EventDate "2013.07.10"]
[EventType "swiss"]
[EventRounds "6"]
[EventCountry "CAN"]

1. c4 c6 2. e4 d5 3. cxd5 cxd5 4. exd5 Nf6 5. Nc3 Nxd5 6. Nf3 Nc6 7. Bb5 e6 8.
O-O Be7 9. d4 O-O 10. Re1 a6 11. Bd3 Nxc3 12. bxc3 b5 13. Ne5 Nxe5 14. Rxe5 Bb7
15. Qh5 g6 16. Qh6 f5 17. Rxe6 Bf6 18. Re1 Qd5 19. Bf1 Rfe8 20. Rxe8+ Rxe8 21.
Ba3 Bg7 22. Qf4 Re2 23. Qb8+ Kf7 24. Qc7+ Kg8 25. Qb8+ Kf7 26. Qc7+ Kg8 27.
Qb8+ 1/2-1/2

[Event "CYCC U18"]
[Site "Ottawa CAN"]
[Date "2013.07.10"]
[Round "2"]
[White "Kraiouchkine, Nikita"]
[Black "Luo, Zhao Yang"]
[Result "1-0"]
[WhiteElo "2334"]
[BlackElo "1943"]
[PlyCount "163"]
[EventDate "2013.07.10"]
[EventType "swiss"]
[EventRounds "6"]
[EventCountry "CAN"]

1. e4 c6 2. c4 d5 3. exd5 cxd5 4. d4 Nf6 5. Nc3 Nc6 6. Bg5 dxc4 7. d5 Ne5 8.
Qd4 Ng6 9. Nf3 h6 10. Be3 e6 11. Bxc4 exd5 12. O-O-O Be7 13. Nxd5 O-O 14. Nc3
Qa5 15. Bd2 Bf5 16. Nd5 Qc5 17. Nxf6+ gxf6 18. Bc3 Rac8 19. Bd3 Bxd3 20. Rxd3
Rfd8 21. Qxc5 Bxc5 22. Rxd8+ Rxd8 23. Bxf6 Rd6 24. Bc3 Bxf2 25. Rf1 Be3+ 26.
Kc2 f5 27. Ne1 f4 28. Nd3 Rd5 29. Rd1 Nh4 30. g3 fxg3 31. hxg3 Nf5 32. Re1 Kf7
33. Ne5+ Kg8 34. Ng6 Rd6 35. Nh4 Nxh4 36. Rxe3 Nf5 37. Re4 Kf7 38. g4 Ne7 39.
Bd2 Rg6 40. Kd3 Nd5 41. Rc4 a6 42. Ke2 Ke6 43. Kf3 Kd6 44. b3 b5 45. Rc8 Nf6
46. Ra8 Ke7 47. Rxa6 Nxg4 48. Rxg6 Ne5+ 49. Ke4 Nxg6 50. Kd5 h5 51. Kc5 h4 52.
Be1 Kd7 53. Kxb5 h3 54. Bg3 Kc8 55. Ka6 Nh4 56. b4 Nf3 57. b5 h2 58. b6 h1=Q
59. b7+ Kd7 60. b8=Q Qf1+ 61. Ka5 Qd3 62. Qc7+ Ke6 63. Qc6+ Kf5 64. Qb5+ Qxb5+
65. Kxb5 Nd4+ 66. Kb6 Ke6 67. Bf2 Nc2 68. Bc5 Na1 69. Kc6 Kf5 70. Bf8 Ke6 71.
Bc5 Kf5 72. Bb4 Ke4 73. Kb5 Kd5 74. Bc5 Ke6 75. Kc6 Ke5 76. Bf2 Ke4 77. Kc5 Kd3
78. Bh4 Kc2 79. Be1 Kb2 80. a4 Ka3 81. Kb5 Nb3 82. Bc3 1-0

[Event "CYCC U18"]
[Site "Ottawa CAN"]
[Date "2013.07.11"]
[Round "3"]
[White "Florea, Alexandru"]
[Black "Kraiouchkine, Nikita"]
[Result "0-1"]
[WhiteElo "2334"]
[BlackElo "2117"]
[PlyCount "82"]
[EventDate "2013.07.10"]
[EventType "swiss"]
[EventRounds "6"]
[EventCountry "CAN"]

1. Nf3 d5 2. b3 Nf6 3. Bb2 c6 4. e3 Bf5 5. Be2 h6 6. O-O Nbd7 7. Nd4 Bh7 8. f4
c5 9. Nf3 e6 10. Ne5 Be7 11. Bb5 O-O 12. Bxd7 Nxd7 13. Nxd7 Qxd7 14. d3 b5 15.
Qg4 f6 16. Nd2 Rfc8 17. e4 c4 18. dxc4 bxc4 19. bxc4 dxe4 20. Rad1 Qc6 21. Nb3
Bf5 22. Qg3 Qxc4 23. Rd7 Rc7 24. Rfd1 Qxc2 25. R7d2 Qc6 26. Kh1 Qa4 27. h3 Rb8
28. Kh2 Qe8 29. Nd4 Qf7 30. Ba1 Kh7 31. Qe3 Bc5 32. g4 Bg6 33. h4 Kh8 34. h5
Bh7 35. Qg3 Rd8 36. Qh3 Rcd7 37. f5 e5 38. Nb3 Rxd2+ 39. Rxd2 Rxd2+ 40. Nxd2
Qxa2 41. Bc3 e3 0-1

[Event "CYCC U18"]
[Site "Ottawa CAN"]
[Date "2013.07.11"]
[Round "4"]
[White "Zhang, David"]
[Black "Kraiouchkine, Nikita"]
[Result "1/2-1/2"]
[WhiteElo "2280"]
[BlackElo "2334"]
[PlyCount "64"]
[EventDate "2013.07.10"]
[EventType "swiss"]
[EventRounds "6"]
[EventCountry "CAN"]

1. e4 d5 2. exd5 Qxd5 3. Nc3 Qa5 4. d4 Nf6 5. Bc4 c6 6. Bd2 Bg4 7. f3 Bf5 8. g4
Bg6 9. Nh3 Qd8 10. Qe2 b5 11. Bb3 a5 12. a3 a4 13. Ba2 e6 14. Nf4 Be7 15. O-O-O
b4 16. axb4 a3 17. h4 axb2+ 18. Kxb2 Na6 19. Bb3 Nxb4 20. h5 Bxc2 21. Bxc2 Qxd4
22. Bb3 O-O 23. Be3 Qe5 24. Bd2 Qc7 25. h6 g6 26. Nxe6 fxe6 27. Qxe6+ Kh8 28.
Be3 Qa5 29. Ra1 Qe5 30. g5 Nd3+ 31. Kc2 Nb4+ 32. Kb2 Nd3+ 1/2-1/2

[Event "CYCC U18"]
[Site "Ottawa CAN"]
[Date "2013.07.12"]
[Round "5"]
[White "Kraiouchkine, Nikita"]
[Black "Inigo, Aquino"]
[Result "0-1"]
[WhiteElo "2334"]
[BlackElo "2211"]
[PlyCount "53"]
[EventDate "2013.07.10"]
[EventType "swiss"]
[EventRounds "6"]
[EventCountry "CAN"]

1. Nf3 d5 2. e3 e6 3. b3 Nf6 4. Bb2 c5 5. d4 Nc6 6. Nbd2 Bd6 7. Bd3 b6 8. Ne5
Qc7 9. f4 Nb4 10. Bb5+ Bd7 11. Nxd7 Nxd7 12. c3 Nc6 13. O-O Ne7 14. Rc1 cxd4
15. cxd4 Qb7 16. e4 dxe4 17. Nc4 Bb8 18. Ba3 a6 19. Bxd7+ Kxd7 20. f5 exf5 21.
d5 b5 22. d6 bxc4 23. dxe7+ Ke6 24. Rxc4 Be5 25. Qe2 Rhe8 26. Rd1 Kf6 27. Qd2
0-1

[Event "CYCC U18"]
[Site "Ottawa CAN"]
[Date "2013.07.12"]
[Round "6"]
[White "Kraiouchkine, Nikita"]
[Black "Ivanov, Mike"]
[Result "1/2-1/2"]
[WhiteElo "2334"]
[BlackElo "2252"]
[PlyCount "94"]
[EventDate "2013.07.10"]
[EventType "swiss"]
[EventRounds "6"]
[EventCountry "CAN"]

1. Nf3 Nf6 2. e3 g6 3. b3 Bg7 4. Bb2 c5 5. d4 cxd4 6. exd4 O-O 7. Be2 d5 8. O-O
Ne4 9. Ne5 Nc6 10. f3 Nd6 11. Nxc6 bxc6 12. Kh1 Nf5 13. Qd2 c5 14. c3 Qb6 15.
dxc5 Qxc5 16. Na3 e5 17. Rfe1 Qf2 18. Rf1 Qh4 19. Qe1 Qe7 20. Bd3 Re8 21. Rd1
Be6 22. Nc2 Nd6 23. Ne3 e4 24. Be2 Nf5 25. Bb5 Nxe3 26. Qxe3 exf3 27. Qxf3 Rec8
28. Rd3 a6 29. Ba4 Ra7 30. Qe3 Bf5 31. Qxe7 Rxe7 32. Rd2 Bxc3 33. Bxc3 Rxc3 34.
Kg1 Rc2 35. Rxc2 Bxc2 36. Kf2 d4 37. Re1 Rxe1 38. Kxe1 Be4 39. Kd2 a5 40. a3 f5
41. g3 g5 42. b4 axb4 43. axb4 f4 44. gxf4 gxf4 45. b5 f3 46. b6 Kg7 47. Bb5
Bb7 1/2-1/2

[Event "TORO"]
[Site "Gatineau CAN"]
[Date "2013.06.07"]
[Round "1"]
[White "Donev, Danail"]
[Black "Kraiouchkine, Nikita"]
[Result "0-1"]
[WhiteElo "2070"]
[BlackElo "2310"]
[PlyCount "42"]
[EventDate "2013.06.07"]
[EventType "swiss"]
[EventRounds "5"]
[EventCountry "CAN"]

1. e4 d5 2. exd5 Qxd5 3. Nc3 Qa5 4. d4 Nf6 5. Nf3 Bg4 6. Be2 Nc6 7. Bd2 Qf5 8.
Nb5 O-O-O 9. c3 Bxf3 10. gxf3 a6 11. Na3 e5 12. Qb3 exd4 13. O-O-O Bxa3 14.
Qxa3 d3 15. Bf1 Ne5 16. Qb4 Rhe8 17. h4 Kb8 18. Rg1 Nxf3 19. Bg2 Nd5 20. Qb3
Nxg1 21. Rxg1 Qxf2 0-1

[Event "TORO"]
[Site "Gatineau CAN"]
[Date "2013.06.08"]
[Round "2"]
[White "Kraiouchkine, Nikita"]
[Black "Masse, Hugues"]
[Result "1/2-1/2"]
[WhiteElo "2310"]
[BlackElo "2153"]
[PlyCount "57"]
[EventDate "2013.06.07"]
[EventType "swiss"]
[EventRounds "5"]
[EventCountry "CAN"]

1. e4 e5 2. Nc3 Nf6 3. g3 d5 4. exd5 Nxd5 5. Bg2 Nxc3 6. bxc3 Be7 7. Nf3 Nc6 8.
Qe2 O-O 9. O-O Bd6 10. d4 Re8 11. d5 Nb8 12. c4 Na6 13. Bb2 Nc5 14. Rab1 Bg4
15. Qe3 f6 16. Nd2 Qd7 17. Nb3 b6 18. Nxc5 Bxc5 19. Qb3 Qd6 20. h3 Bf5 21. Rbe1
a5 22. a4 Re7 23. Re2 Rae8 24. Kh2 Bg6 25. Bc1 Bd4 26. Ba3 Bc5 27. Bc1 Bd4 28.
Ba3 Bc5 29. Bc1 1/2-1/2

[Event "TORO"]
[Site "Gatineau CAN"]
[Date "2013.06.08"]
[Round "3"]
[White "Cova, Ramon"]
[Black "Kraiouchkine, Nikita"]
[Result "0-1"]
[WhiteElo "2088"]
[BlackElo "2310"]
[PlyCount "60"]
[EventDate "2013.06.07"]
[EventType "swiss"]
[EventRounds "5"]
[EventCountry "CAN"]

1. d4 d5 2. Nf3 Nf6 3. e3 c5 4. b3 cxd4 5. exd4 Nc6 6. Bd3 Bg4 7. Bb2 e6 8.
Nbd2 Bd6 9. O-O Qc7 10. h3 h5 11. a3 O-O-O 12. c4 Bf4 13. Qc2 Bxf3 14. Nxf3 g5
15. Rfe1 g4 16. Ne5 gxh3 17. gxh3 Rdg8+ 18. Kf1 Bh2 19. cxd5 Nxd5 20. Rec1 Nf4
21. Ke1 Rg1+ 22. Bf1 Rhg8 23. Nf3 Qa5+ 24. b4 Rxf1+ 25. Kxf1 Qd5 26. Ke1 Qxf3
27. Kd2 Qxf2+ 28. Kc3 Rg3+ 29. Kc4 Qf3 30. b5 Qd5# 0-1

[Event "TORO"]
[Site "Gatineau CAN"]
[Date "2013.06.09"]
[Round "5"]
[White "Tomb, Maroun"]
[Black "Kraiouchkine, Nikita"]
[Result "1/2-1/2"]
[WhiteElo "2184"]
[BlackElo "2310"]
[PlyCount "130"]
[EventDate "2013.06.07"]
[EventType "swiss"]
[EventRounds "5"]
[EventCountry "CAN"]

1. c4 c6 2. Nf3 d5 3. b3 Nf6 4. e3 Bg4 5. Bb2 e6 6. Be2 Nbd7 7. O-O Bd6 8. cxd5
cxd5 9. Nd4 Bxe2 10. Qxe2 a6 11. f4 O-O 12. d3 Rc8 13. Nd2 b5 14. Rae1 Qa5 15.
N2f3 Rc7 16. g3 Rfc8 17. Rc1 Bb4 18. Rxc7 Rxc7 19. Rc1 Rxc1+ 20. Bxc1 Qc7 21.
Qc2 Qxc2 22. Nxc2 Bc5 23. Kf1 Kf8 24. Ke2 Ke8 25. Bb2 Ke7 26. Kd2 Ne8 27. Bc3
f6 28. Nb4 Nb8 29. Nd4 Nc7 30. a4 bxa4 31. bxa4 Kd7 32. Nb3 Bf8 33. e4 f5 34.
exf5 exf5 35. Nc2 Nc6 36. Ne1 Ne6 37. Nf3 g6 38. h3 Bd6 39. Be5 Be7 40. Ke3 Bd8
41. g4 Bb6+ 42. d4 Bd8 43. gxf5 gxf5 44. Ne1 Nb4 45. Ng2 Be7 46. Kf3 Nf8 47.
Ne3 Ke6 48. Nd2 Nd3 49. Ke2 Nb2 50. a5 Bb4 51. Nf3 Be7 52. Kd2 Nc4+ 53. Nxc4
dxc4 54. Kc3 Bd8 55. Kxc4 Bxa5 56. d5+ Kd7 57. Nd4 Ng6 58. Nxf5 Bd2 59. Nd4
Bxf4 60. Bxf4 Nxf4 61. h4 Kd6 62. Nf5+ Ke5 63. Ne7 Kd6 64. Nf5+ Kd7 65. Kc5 a5
1/2-1/2

[Event "McGill op"]
[Site "Montreal CAN"]
[Date "2013.05.03"]
[Round "1"]
[White "Bouchard, Jean-Marc"]
[Black "Kraiouchkine, Nikita"]
[Result "1/2-1/2"]
[WhiteElo "2090"]
[BlackElo "2343"]
[PlyCount "71"]
[EventDate "2013.05.03"]
[EventType "swiss"]
[EventRounds "5"]
[EventCountry "CAN"]

1. Nf3 d5 2. g3 Bg4 3. Bg2 Nd7 4. d4 e6 5. O-O Bd6 6. c4 c6 7. cxd5 exd5 8. Nc3
Ngf6 9. Qc2 O-O 10. e4 Nxe4 11. Nxe4 dxe4 12. Ng5 Nf6 13. Re1 Qd7 14. Bd2 Rad8
15. Bc3 Bc7 16. Nxe4 Nxe4 17. Qxe4 Rfe8 18. Qc2 Bb6 19. Qd2 h6 20. Rxe8+ Rxe8
21. f3 Be6 22. a3 Bc4 23. Bf1 Bxf1 24. Kxf1 Qd5 25. Kg2 Rd8 26. Rd1 Rd7 27. b4
Bd8 28. Re1 Bf6 29. Re4 Re7 30. Qe2 Re6 31. Rxe6 Qxe6 32. Qxe6 fxe6 33. f4 b5
34. Kf3 Kf7 35. Ke4 Ke7 36. h4 1/2-1/2

[Event "McGill op"]
[Site "Montreal CAN"]
[Date "2013.05.04"]
[Round "2"]
[White "Kraiouchkine, Nikita"]
[Black "Robichaud, Louis"]
[Result "1-0"]
[WhiteElo "2343"]
[BlackElo "2080"]
[PlyCount "85"]
[EventDate "2013.05.03"]
[EventType "swiss"]
[EventRounds "5"]
[EventCountry "CAN"]

1. d4 Nf6 2. Nc3 d5 3. Bg5 g6 4. Qd2 Bg7 5. O-O-O O-O 6. f3 c6 7. g4 b5 8. h4
Nbd7 9. h5 Nb6 10. Bh6 b4 11. Bxg7 Kxg7 12. hxg6 fxg6 13. Qh6+ Kg8 14. Nb1 Qe8
15. Nh3 Qf7 16. e3 Re8 17. Nf4 e5 18. dxe5 Rxe5 19. Nd3 Re7 20. Nxb4 Bd7 21.
Nc3 Rae8 22. e4 dxe4 23. g5 Nfd5 24. Nbxd5 cxd5 25. fxe4 dxe4 26. Be2 Bf5 27.
Qh2 Rc8 28. Rd6 Nc4 29. Rf6 Qg7 30. Bxc4+ Rxc4 31. Rd1 Re8 32. Qd6 Rcc8 33. Qf4
e3 34. Re1 Qe7 35. Rd6 Qc7 36. Qd4 Qc5 37. Re2 Qxd4 38. Rxd4 Re5 39. Rd5 Rce8
40. Rd4 Bc8 41. Nd5 Ba6 42. Re1 Kg7 43. Nc7 1-0

[Event "McGill op"]
[Site "Montreal CAN"]
[Date "2013.05.04"]
[Round "3"]
[White "Chabot, Roland"]
[Black "Kraiouchkine, Nikita"]
[Result "1/2-1/2"]
[WhiteElo "2254"]
[BlackElo "2343"]
[PlyCount "58"]
[EventDate "2013.05.03"]
[EventType "swiss"]
[EventRounds "5"]
[EventCountry "CAN"]

1. Nf3 g6 2. e4 c5 3. c4 Bg7 4. d4 cxd4 5. Nxd4 Nc6 6. Be3 Nf6 7. Nc3 Ng4 8.
Qxg4 Nxd4 9. Qd1 Nc6 10. Qd2 Qa5 11. Rc1 O-O 12. Be2 d6 13. O-O Be6 14. f3 Rac8
15. Rfd1 Rfd8 16. Bf1 a6 17. b3 Rb8 18. Nd5 Qxd2 19. Rxd2 Rdc8 20. Nb6 Rc7 21.
Kf2 Rf8 22. Be2 Re8 23. g4 Ne5 24. h3 Nd7 25. Nd5 Bxd5 26. Rxd5 Bb2 27. Rb1 Bc3
28. h4 Bb4 29. g5 Bc5 1/2-1/2

[Event "McGill op"]
[Site "Montreal CAN"]
[Date "2013.05.05"]
[Round "5"]
[White "MacKinnon, Keith"]
[Black "Kraiouchkine, Nikita"]
[Result "1/2-1/2"]
[WhiteElo "2297"]
[BlackElo "2343"]
[PlyCount "53"]
[EventDate "2013.05.03"]
[EventType "swiss"]
[EventRounds "5"]
[EventCountry "CAN"]

1. e4 d5 2. exd5 Qxd5 3. Nc3 Qa5 4. d4 Nf6 5. Bc4 c6 6. Nge2 g6 7. O-O Bg7 8.
a3 O-O 9. Re1 Nbd7 10. b4 Qd8 11. Nf4 Nb6 12. Bb3 Qd6 13. f3 Rd8 14. Nce2 e5
15. c4 exf4 16. c5 Qd7 17. cxb6 g5 18. bxa7 Nd5 19. Qd3 Rxa7 20. Bd2 Qd6 21.
Kh1 Be6 22. Bc2 h6 23. Red1 Rda8 24. Nc3 Nxc3 25. Bxc3 Bd5 26. a4 Qg6 27. Qe2
1/2-1/2

[Event "Quebec-ch U20"]
[Site "Montreal CAN"]
[Date "2013.02.08"]
[Round "1"]
[White "Kraiouchkine, Nikita"]
[Black "Shi, Ling Yun"]
[Result "1-0"]
[WhiteElo "2325"]
[BlackElo "1683"]
[PlyCount "53"]
[EventDate "2013.02.08"]
[EventType "swiss"]
[EventRounds "5"]
[EventCountry "CAN"]

1. e4 c5 2. d4 cxd4 3. c3 dxc3 4. Nxc3 d6 5. Bc4 e6 6. Nf3 Nc6 7. O-O Nf6 8.
Qe2 Be7 9. Rd1 Qc7 10. Bf4 e5 11. Bg5 Be6 12. Rac1 a6 13. b4 Rd8 14. a4 Qb8 15.
Bxe6 fxe6 16. b5 axb5 17. axb5 Na7 18. Qa2 Kf7 19. Be3 Nc8 20. Ng5+ Ke8 21.
Nxe6 Rd7 22. Nxg7+ Kd8 23. Qf7 Rc7 24. Ne6+ Kd7 25. Bg5 Ng8 26. Nd5 Rxc1 27.
Rxc1 1-0

[Event "Quebec-ch U20"]
[Site "Montreal CAN"]
[Date "2013.02.09"]
[Round "2"]
[White "Zhu, Hong Rui"]
[Black "Kraiouchkine, Nikita"]
[Result "0-1"]
[WhiteElo "2082"]
[BlackElo "2325"]
[PlyCount "84"]
[EventDate "2013.02.08"]
[EventType "swiss"]
[EventRounds "5"]
[EventCountry "CAN"]

1. e4 d5 2. exd5 Qxd5 3. Nc3 Qa5 4. d4 Nf6 5. Nf3 c6 6. h3 Bf5 7. Bd3 e6 8. O-O
Bb4 9. Ne2 Nbd7 10. Ng3 Bg6 11. c4 O-O 12. Bf4 Be7 13. Re1 Rfd8 14. a3 b5 15.
b3 bxc4 16. bxc4 Bf8 17. Bxg6 hxg6 18. Ne5 Nxe5 19. Bxe5 c5 20. Qf3 cxd4 21.
Bxd4 Rac8 22. Bxf6 gxf6 23. Qg4 f5 24. Qh4 Bg7 25. Rad1 Rd4 26. Qe7 Qc7 27.
Qxc7 Rxc7 28. Rxd4 Bxd4 29. Ne2 Bb2 30. Rb1 Bxa3 31. Ra1 Bc5 32. Ra4 Rd7 33. g3
Kf8 34. Ra2 Ke7 35. Nc3 Kd6 36. Ra6+ Ke5 37. Ra2 Rd3 38. Ne2 Rf3 39. Ra5 Kd6
40. Ra6+ Kc7 41. Ra5 Bb6 42. Re5 Kd6 0-1